000 00464nam a22001937a 4500
003 MPLRDC
005 20220104184218.0
008 210129b ||||| |||| 00| 0 eng d
020 _a986-179-131-9
082 _a855 EZ
100 _a恩佐
245 _a寂寞长大了
_c
250 _a初版
260 _a台湾
_b大田出版有限公司
_c2009
300 _b
490 _a视觉系: 27
650 _a散文;随笔、日记
942 _cBK
_o855 EZ
999 _c62756
_d62746